Obras / (Record no. 38632)

MARC details
000 -LEADER
campo de control de longitud fija 00696nam a2200181 i 4500
001 - NÚMERO DE CONTROL
campo de control 38632
003 - IDENTIFICADOR DE NÚMERO DE CONTROL
campo de control ES-MaACL
005 - FECHA Y HORA DE LA ÚLTIMA TRANSACCIÓN
campo de control 20250820063027.0
007 - CAMPO FIJO DE DESCRIPCIÓN FÍSICA--INFORMACIÓN GENERAL
campo de control de longitud fija t|
008 - DATOS DE LONGITUD FIJA--INFORMACIÓN GENERAL
campo de control de longitud fija 030226m18601869po ||||1| por d
100 1# - ENTRADA PRINCIPAL--NOMBRE DE PERSONA
Nombre de persona Camões, Luís de,
Fechas asociadas al nombre 1524?-1580
9 (RLIN) 181622
245 10 - MENCIÓN DEL TÍTULO
Título Obras /
Mención de responsabilidad, etc. de Luis de Camoes ; precedidas de um ensaio biographico no qual se relatam algums factos nao conhecidos da sua vida augmentadas com algumas composiçoos meditas do poeta pelo Vizconde de Juromenha.
260 ## - PUBLICACIÓN, DISTRIBUCIÓN, ETC.
Lugar de publicación, distribución, etc. Lisboa :
Nombre del editor, distribuidor, etc. [s.n.,
Fecha de publicación, distribución, etc. 1860-1869] (
Fabricante Imprensa Nacional)
300 ## - DESCRIPCIÓN FÍSICA
Extensión 6 v. ;
Dimensiones 23 cm.
700 1# - ENTRADA AGREGADA--NOMBRE PERSONAL
Nombre de persona Juromenha
Títulos y otros términos asociados al nombre , Vizconde de.
9 (RLIN) 67337
852 ## - LOCALIZACIÓN
Ubicación ES-MaACL
Número de control de estantería G-8683-8
Holdings
Estatus retirado Estado de pérdida Estado de daño No para préstamo Colección Biblioteca de origen Biblioteca actual Ubicación en estantería Fecha de adquisición Fuente de adquisición Total de préstamos Signatura topográfica completa Código de barras Visto por última vez Precio de reemplazo Tipo de ítem Koha
        Libros del s. XIX Biblioteca del Ateneo de Madrid Biblioteca del Ateneo de Madrid Sala Pecera Planta 3 17/01/2008     G-8683-8 1040682 23/02/2023 23/02/2023 Libro impreso antiguo